00726nam a2200241 a 4500001001300000003000900013005001700022008004100039020002300080082001600103100002400119245002500143260003700168300001000205500003500215505002400250650002500274700002400299902000800323942000700331952012900338999001700467nice12345678IN_TiNIC20260116014217.0121226s2012 dela grp 000 0 eng  a9788178805511c95000a181.44bGUP aGupta, Krishna Rani aWomen and Philosophy aDelhibRajat Publications c2012 a312p  aincludes index and biblioraphy2 aBibliography, Index aPhilosophy and Women1 aGupta, Krishna Rani bSRS cBK 001040708StackRoom-aHMIbHMId2012-12-26g950.00l6o181.44 GUPp023984r2023-08-11s2023-08-04v950.00w2012-12-26yBK c14344d14344